Premier League anagrams - Statistics

General Stats
  • This quiz has been taken 73 times
  • The average score is 11 of 20
Answer Stats
Anagram Club % Correct
Not ever Everton
87%
Leaches Chelsea
84%
Lyre bun Burnley
81%
Plover oil Liverpool
77%
Fat word Watford
77%
Seal ran Arsenal
76%
Front bred Brentford
73%
Untested chairmen Manchester United
65%
Synthetic cream Manchester City
61%
Vital loans Aston Villa
55%
Phantoms out Southampton
48%
The phantom trouts Tottenham Hotspur
45%
Electric yetis Leicester City
44%
Chicory twin Norwich City
44%
Mutated whines West Ham United
42%
Narrow pants overwhelmed Wolverhampton Wanderers
35%
Rationing halved hobnob Brighton and Hove Albion
34%
Tuned diesel Leeds United
34%
Twenties unlaced Newcastle United
34%
Repay catcalls Crystal Palace
32%
No matching quizzes found
Score Distribution
Percent of People with Each Score
Percentile by Number Answered
Your Score History
You have not taken this quiz